00327nam a2200109Ia 4500008004100000082001900041100002100060245004300081260003200124630001800156650004300174211122s9999||||xx |||||||||||||| ||und|| a346.086bLOO-R aLoomba, Jatinder 0aRisk Management And Insurance Planning bPhi Learning Pvt LtdaDelhi xGeneral Stack aCommercevSOCIAL SCIENCELAWPRIVATE LAW